Medical aspects of crime / (Registro nro. 58589)

Detalles MARC
000 -LEADER
campo de control de longitud fija 00492nam a2200157 i 4500
001 - NÚMERO DE CONTROL
campo de control 58589
003 - IDENTIFICADOR DE NÚMERO DE CONTROL
campo de control ES-MaACL
007 - CAMPO FIJO DE DESCRIPCIÓN FÍSICA--INFORMACIÓN GENERAL
campo de control de longitud fija t|
008 - DATOS DE LONGITUD FIJA--INFORMACIÓN GENERAL
campo de control de longitud fija 031023s1936 xxk ||||1| eng d
100 1# - ENTRADA PRINCIPAL--NOMBRE DE PERSONA
Nombre de persona East, W. Norwood.
9 (RLIN) 46445
245 10 - MENCIÓN DEL TÍTULO
Título Medical aspects of crime /
Mención de responsabilidad, etc. by W. Norwood East ; with foreword by John Simon.
260 ## - PUBLICACIÓN, DISTRIBUCIÓN, ETC.
Lugar de publicación, distribución, etc. London :
Nombre del editor, distribuidor, etc. Churchill,
Fecha de publicación, distribución, etc. 1936 (
Fabricante Whitefriars)
300 ## - DESCRIPCIÓN FÍSICA
Extensión X, 437 p., 8 lám. :
Otras características físicas il. ;
Dimensiones 22 cm.
700 1# - ENTRADA AGREGADA--NOMBRE PERSONAL
Nombre de persona Simon, John.
9 (RLIN) 106518
852 ## - LOCALIZACIÓN
Ubicación ES-MaACL
Número de control de estantería E-195
Sublocalización o colección R.22472
Existencias
Estatus retirado Estado de pérdida Estado de daño No para préstamo Biblioteca de origen Biblioteca actual Ubicación en estantería Fecha de adquisición Fuente de adquisición Total de préstamos Signatura topográfica completa Código de barras Visto por última vez Precio de reemplazo Tipo de ítem Koha
        Biblioteca del Ateneo de Madrid Biblioteca del Ateneo de Madrid Depósito 2 17/01/2008     E-195 1061470 23/02/2023 23/02/2023 Libro impreso